00318pab a2200121 454500008004000000100001400040245004600054260000900100300001300109362001200122650004700134773001500181180718b1985 xxu||||| |||| 00| 0 eng d aRaj, K.N. aKerala's problems in the national context c1985 a11-14,34 a13 July aFederal - State Relations - India - Kerala aMainstream